| 000 | 01282 a2200241 4500 | ||
|---|---|---|---|
| 003 | Nust | ||
| 005 | 20220720113959.0 | ||
| 010 | _a 98041883 | ||
| 020 | _a0890066558 (alk. paper) | ||
| 040 | _cNust | ||
| 082 | 0 | 0 | _a003.35133,GRA |
| 100 | 1 |
_aGarrido, Josā„ M. _994023 |
|
| 245 | 1 | 0 |
_aPractical process simulation using object-oriented techniques and C++ / (Include Floppy Disk) _cJose M. Garrido. |
| 260 |
_aBoston : _bArtech House, _cc1999. |
||
| 300 |
_axv, 219 p. : _bill. ; _c24 cm. + _e1 computer disk (3 1/2 in.) |
||
| 440 | 0 |
_aArtech House computer science library _994024 |
|
| 505 | _aIntroduction to Modeling & Simulation (Page-1), Introduction to Object-Oriented Modeling (Page-150, Introduction to Discrete-Event Simulation (Page-33),The Process Interaction Approach to Simulation (Page-49), Queuing Models with Priorities (Page-101), Mutual Exclusive Synchronization (Page-113), Producer-Consumer Synchronization (Page-127), Interprocess Cooperation (Page-139), Conditional Waiting (Page-149), Interrupts (Page-159), Random Numbers (Page-169). | ||
| 650 | 0 | _aC++ (Computer program language) | |
| 650 | 0 |
_aComputer simulation. _91599 |
|
| 650 | 0 |
_aObject-oriented methods (Computer science) _925876 |
|
| 651 |
_a(Include Floppy Disk) _993875 |
||
| 942 |
_cREF _2ddc |
||
| 999 |
_c174717 _d174717 |
||